000 00286nam a2200145Ia 4500
100 _aMatthews/Andrews
942 _cBK
366 _f27
654 _ahappy
245 _aBeing Happy
260 _bEmbassy Books
_c2015
082 _bMAT
546 _aENGLISH
_cComputers
999 _c28314
_d28314